Thế giới tinh thần trẻ thơ và đặc trưng cảm thụ âm nhạc của trẻ /

Αποθηκεύτηκε σε:
Λεπτομέρειες βιβλιογραφικής εγγραφής
Κύριος συγγραφέας: Trần Quỳnh Mai, ThS.
Μορφή: Άρθρο
Γλώσσα:Vietnamese
Θέματα:
Ετικέτες: Προσθήκη ετικέτας
Δεν υπάρχουν, Καταχωρήστε ετικέτα πρώτοι!
Thư viện lưu trữ: Thư viện Trường Đại học Đà Lạt
LEADER 00863nam a2200289 4500
001 DLU090073584
005 ##20090520
040 # # |a DLU  |b vie 
041 # # |a vie 
044 # # |a vn 
100 # # |a Trần Quỳnh Mai,  |c ThS. 
245 # # |a Thế giới tinh thần trẻ thơ và đặc trưng cảm thụ âm nhạc của trẻ /  |c Trần Quỳnh Mai. 
653 # # |a Âm nhạc 
653 # # |a Đời sống tinh thần 
653 # # |a Khả năng nhận thức 
653 # # |a Tâm lý học lứa tuổi 
653 # # |a Trẻ em 
773 # # |t Tâm lý học  |g Số 3, 2000, tr. 58-62 
920 # # |a Phòng Tạp chí -- Trung tâm Thông tin - Thư viện Trường Đại học Đà Lạt 
994 # # |a DLU 
900 # # |a True 
911 # # |a Nguyễn Thanh Hương 
925 # # |a G 
926 # # |a A 
927 # # |a BB 
980 # # |a Thư viện Trường Đại học Đà Lạt